| 000 | 00927nam a2200205Ia 4500 | ||
|---|---|---|---|
| 003 | OSt | ||
| 005 | 20241029083456.0 | ||
| 007 | ca aa aaaaa | ||
| 008 | 201103s9999 xx 000 0 und d | ||
| 040 | _cSSBUL | ||
| 041 | _abur | ||
| 082 |
_223 _a၂၉၄.၃၀၇ မြ _b၉၃၃၈ S-SAT |
||
| 100 | 0 |
_a မြသောင်း၊ ဆရာ၊ မြတ်ရတနာ- _917413 |
|
| 245 | 1 | 0 |
_aမြတ်ရတနာပရိတ်တော်သင်တန်း / _cမြတ်ရတနာ- ဆရာမြသောင်း |
| 260 |
_aရန်ကုန် ။ _bမြတ်ရတနာ- ဓမ္မစာပေသင်တန်း၊ _cခုနှစ်မပါ။ |
||
| 300 |
_a၈၀ စာမျက်နှာ ၊ _c၂၀ စင်တီ။ |
||
| 500 | _aS-SAT: Dr. Sai Aung Tun | ||
| 650 |
_aဗုဒ္ဓဘာသာာ _xသင်ယူလေ့လာခြင်း _954832 |
||
| 942 |
_2ddc _cBK1 |
||
| 999 |
_c16846 _d16846 |
||